Statistics for Countries by Former Shape #2

Click here to take the quiz!

General Stats

  • This quiz has been taken 76 times
  • The average score is 9 of 10

Answer Stats

Answer% Correct
China
100%
Japan
100%
Sweden
98%
France
97%
Spain
95%
Poland
89%
Egypt
88%
Macedonia
86%
Congo / Kongo
82%
Serbia
82%

Score Distribution

Percentile by Number Answered

Percent of People with Each Score

Your Score History

You have not taken this quiz